| 000 | 00665nam a2200229 a 4500 | ||
|---|---|---|---|
| 001 | 000005214 | ||
| 005 | 20240412074203.0 | ||
| 008 | 090818s2008 dr r 000 p spa d | ||
| 020 | _a9789945130676 | ||
| 040 |
_aDO-SdBNP _bspa _cBNPHU |
||
| 082 |
_aRD861.5 _bS587r |
||
| 100 | 1 |
_aSilverio, Rosa _914892 |
|
| 245 | 1 | 0 |
_aRosa íntima / _cRosa Silverio. |
| 260 |
_aSanto Domingo : _bSantuario, _c2008. |
||
| 300 |
_a56 p. ; _c21 cm. |
||
| 490 | 1 |
_aSantuario _v36 |
|
| 590 | _aInventariado, 2019 / DG | ||
| 650 | 0 |
_aPoesía dominicana _966 |
|
| 650 | 0 |
_aLiteratura dominicana. _967 |
|
| 830 | 0 |
_aSantuario _n36 _914893 |
|
| 910 | _aValidado. Control de calidad MMOLINA | ||
| 999 |
_c5015 _d5015 |
||